00853nam a2200217 a 450000100100000000500170001000800410002702000150006804000250008308200180010810000190012624500980014526000710024330000210031449000470033550400740038253400640045665000410052070000270056183000470058800002343120200930022220.0101207s1970 ag r 000 0 spa d a9506942102 aDO-SdBNPbspacBNPHU a320.973bK29p1 aKelman, Steven13aLa política pública en el Estado moderno /cSteven Kelman ; traducción Cristina Piña. aBuenos Aires, Argentina :bGrupo Editorial Latinoamericano,c1970. a286 p. ;c23 cm.1 aEstudios políticos y sociales ;v212.323 aIncluye referencias bibliográficas y notas al pie de las páginas. aMaking public policy. a hopeful view of American Government 4aPolítica públicazEstados Unidos1 aPiña, Cristina,etr. 0aEstudios políticos y sociales ;n212.323